[Event "AUS-ch reserves"]
[Site "Melbourne"]
[Date "2002.01.03"]
[Round "6"]
[White "Minichelli, Felice"]
[Black "Cassidy, Kelly"]
[Result "1-0"]
[WhiteElo "1416"]
[BlackElo "1159"]
[PlyCount "89"]
[EventDate "2001.12.28"]
[EventType "swiss"]
[EventRounds "11"]
[EventCountry "AUS"]
[SourceTitle "EXT 2003"]
[Source "ChessBase"]
[SourceDate "2002.11.25"]
[SourceVersion "1"]
[SourceVersionDate "2002.11.25"]
[SourceQuality "1"]

1. e4 e5 2. d4 exd4 3. Nf3 Bc5 4. a3 Nc6 5. c3 dxc3 6. Nxc3 d6 7. Bc4 Bg4 8. Bxf7+ Kf8 9. Bxg8 Rxg8 10. h3 Bh5 11. Qd5 Bxf3 12. Qf5+ Qf6 13. Qxf6+ gxf6 14. gxf3 Rg2 15. b4 Bd4 16. Bh6+ Kf7 17. Rc1 Ne5 18. Kd2 Rxf2+ 19. Ne2 Nxf3+ 20. Kd3 Bb6 21. Be3 Ne5+ 22. Kd2 Bxe3+ 23. Kxe3 Rf3+ 24. Kd2 Rd3+ 25. Kc2 Rg8 26. Nf4 Rf3 27. Rhf1 Rgg3 28. Rxf3 Rxf3 29. Nd5 c6 30. Nc3 Rxh3 31. a4 h5 32. Rd1 Ke6 33. Rg1 Kf7 34. Rd1 Nc4 35. Kb3 b5 36. axb5 cxb5 37. Ra1 Ke6 38. Rxa7 Nb6 39. Kb2 Nc4+ 40. Kb3 Nd2+ 41. Kc2 Rh2 42. Kd3 Nc4 43. Nxb5 Ne5+ 44. Kc3 h4 45. Nd4# 1-0